000 01158nam0a22002651 4500
001 rc\2192989
005 20260407122709.0
035 _a(NLR Aleph) 006484947
090 _a6072435
_c6072435
100 _a20110829d1979 |||y0rusy50 ca
101 0 _arus
102 _aRU
105 _ay j |||||
200 1 _aМетодические рекомендации к лекции на тему "Международные спортивные связи"
_f[Подгот.: Бугровым Н.Н.]
210 _aМосква
_cБ. и.
_d1979
215 _a11 с.
_d19
225 1 _aМатериал в помощь лектору
_fМоск. гор. орг. о-ва "Знание" РСФСР, Науч.-метод. совет по пропаганде физ. культуры и спорта
320 _aБиблиогр.: с. 11
702 1 _aБугров
_bН.Н.
_gНиколай Николаевич
_4220
712 0 2 _a"Знание", о-во РСФСР
_bМосковское гор. отделение
_3RU\NLR\AUTH\889959504
_9415180
801 0 _aRU
_bNLR
_gpsbo
801 1 _aRU
_bELAR
_2rusmarc
852 _aNLR
_j79-4/28127
942 _cBOOK
980 _aNB